A guide to the parables of Jesus. (Record no. 7401)

000 -LEADER
fixed length control field 00593nam a2200181 a 4500
001 - CONTROL NUMBER
control field :::00005162$&:&@@
003 - CONTROL NUMBER IDENTIFIER
control field OkBaRHE
005 - DATE AND TIME OF LATEST TRANSACTION
control field 20000607103323.0
008 - FIXED-LENGTH DATA ELEMENTS--GENERAL INFORMATION
fixed length control field s1959 j 000 0 eng u
040 ## - CATALOGING SOURCE
Transcribing agency
100 1# - MAIN ENTRY--PERSONAL NAME
Personal name Straton, Hillyer Hawthorne.
245 12 - TITLE STATEMENT
Title A guide to the parables of Jesus.
260 ## - PUBLICATION, DISTRIBUTION, ETC. (IMPRINT)
Place of publication, distribution, etc Grand Rapids, MI., :
Name of publisher, distributor, etc Eerdmans
Date of publication, distribution, etc c1959
300 ## - PHYSICAL DESCRIPTION
Extent 198 p. ;
Dimensions 23 cm.
650 ## - SUBJECT ADDED ENTRY--TOPICAL TERM
Topical term or geographic name as entry element Jesus Christ
General subdivision Parables
-- Study And Teaching
942 ## - ADDED ENTRY ELEMENTS (KOHA)
Source of classification or shelving scheme
Koha item type Books
Copies
Full call number Not for loan Lost status Koha item type Withdrawn status Source of classification or shelving scheme Permanent Location Date last seen Damaged status Copy number Date acquired Shelving location Barcode Price effective from
BT 377 .S77  Books  RHEMA Bible Training College2010-12-02 12010-04-14General Stacks51622010-04-14